The Profession of "Eurologistics"

Súčasný stav vzdelávania v oblasti logistiky na Slovensku. Potreba celoživotného vzdelávania a možnosti z pohľadu zjednotenej Európy. Logistika v súčasnosti.

Saved in:
Bibliographic Details
Main Author: Viestová, Kristína
Other Authors: Štofilová, Jana
Format: Book Chapter
Language:English
Subjects:
Tags: Add Tag
No Tags, Be the first to tag this record!

MARC

LEADER 00000naa$a2200000$$$4500
001 0047980
005 20240502083128.7
041 0 |a eng 
044 |a LT 
245 1 0 |a The Profession of "Eurologistics"  |c Kristína Viestová, Jana Štofilová 
520 |a Súčasný stav vzdelávania v oblasti logistiky na Slovensku. Potreba celoživotného vzdelávania a možnosti z pohľadu zjednotenej Európy. Logistika v súčasnosti. 
610 2 0 |a logistika 
610 2 0 |a vzdelávanie 
610 2 0 |a ekonomika vedomostná 
610 2 0 |a Slovensko 
610 2 0 |a Európska únia 
100 1 |a Viestová, Kristína 
700 1 |a Štofilová, Jana